World Capitals Closest to Germany - Statistics

General Stats
  • This quiz has been taken 516 times
  • The average score is 17 of 20
Answer Stats
km capital miles % Correct
194 Vienna 120
98%
93 Amsterdam 58
97%
301 Paris 187
97%
109 Brussels 68
96%
82 Prague 51
96%
426 Warsaw 265
96%
67 Bern 42
95%
120 Copenhagen 75
95%
17 Luxembourg 10
95%
620 Rome & Vatican City 386
93%
558 Oslo 347
91%
421 London 261
90%
588 Stockholm 365
89%
47 Vaduz 29
86%
249 Bratislava 158
82%
194 Ljubljana 121
73%
423 Monaco 263
73%
395 San Marino 245
73%
292 Zagreb 181
72%
581 Sarajevo 361
54%
No matching quizzes found
Score Distribution
Percent of People with Each Score
Percentile by Number Answered
Your Score History
You have not taken this quiz